[Event "Penang op-B 11th"]
[Site "Penang"]
[Date "2019.12.10"]
[Round "3"]
[White "Ginting, Osaka Hendra"]
[Black "Zulkippli, Iskandar Haikal"]
[Result "1/2-1/2"]
[WhiteElo "1741"]
[BlackElo "1404"]
[PlyCount "54"]
[EventDate "2019.12.09"]
[EventType "swiss"]
[EventRounds "9"]
[EventCountry "MAS"]
[SourceTitle "CBM 193 Extra"]
[Source "ChessBase"]
[SourceDate "2020.01.31"]
[SourceVersion "1"]
[SourceVersionDate "2020.01.31"]
[SourceQuality "1"]

1. f4 d5 2. Nf3 e6 3. e3 Nf6 4. d3 Bd6 5. Be2 0-0 6. 0-0 b6 7. Qe1 Bb7 8. a4 c5 9. Bd1 Nbd7 10. Qg3 Qc7 11. Nc3 c4 12. Nh4 a6 13. Bf3 cxd3 14. cxd3 Nc5 15. d4 Nb3 16. Rb1 Qe7 17. Bd1 Na5 18. Bc2 Rac8 19. Qh3 Bb4 20. Bd2 Nc4 21. Be1 Bxc3 22. Bxc3 Na3 23. Rbc1 Nxc2 24. Rxc2 Ne4 25. f5 Bc6 26. Rf4 Bxa4 27. Rc1 Bb5 1/2-1/2